00502nam a2200181 a 4500001001300000003000900013005001700022008004100039020000800080082001500088100002700103245002300130260004700153500003500200505003100235650002700266700002700293nice12345678IN_TiNIC20260116011305.0050524s0000 laha grp 000 0 urd  ac300a297.4bIHS aIhsan, Mohd Kamaluddin aRaozatul Qaiyyumia aLahorebAllah Waaley Ki Qawmi Dukaanc0000 aincludes index and biblioraphy2 a4 Volume Bound in One Book aMujaddid-E-Alif-E-Sani1 aIhsan, Mohd Kamaluddin